Medzinárodné účtovné štandardy pre verejný sektor IPSAS 3 - účtovná politika, zmeny účtovných odhadov a chyby
IPSAS 3 - Účtovná politika, zmeny účtovných odhadov a chyby (Accounting policies, changes in accounting estimates and errors). Štandard nadobudne platnosť pre účtovné závierky zostavené za účtovné obdobie po 1. januári 2008. Účtovné politiky. Účtovný odhad. Opravy chýb. Porovnanie s pripravovanou no...
Saved in:
| Main Author: | |
|---|---|
| Format: | Book Chapter |
| Language: | Slovak |
| Subjects: | |
| Tags: |
No Tags, Be the first to tag this record!
|
MARC
| LEADER | 00000naa$a2200000$$$4500 | ||
|---|---|---|---|
| 001 | 0059035 | ||
| 005 | 20231106093817.0 | ||
| 041 | 0 | |a slo | |
| 044 | |a SK | ||
| 245 | 1 | 0 | |a Medzinárodné účtovné štandardy pre verejný sektor |b IPSAS 3 - účtovná politika, zmeny účtovných odhadov a chyby |c Miriam Majorová ... [ et al. ] |
| 520 | |a IPSAS 3 - Účtovná politika, zmeny účtovných odhadov a chyby (Accounting policies, changes in accounting estimates and errors). Štandard nadobudne platnosť pre účtovné závierky zostavené za účtovné obdobie po 1. januári 2008. Účtovné politiky. Účtovný odhad. Opravy chýb. Porovnanie s pripravovanou novou slovenskou metodikou. | ||
| 610 | 2 | 0 | |a štandardy účtovné medzinárodné |
| 610 | 2 | 0 | |a sektor verejný |
| 610 | 2 | 0 | |a účtovanie |
| 610 | 2 | 0 | |a odhady |
| 610 | 2 | 0 | |a legislatíva |
| 610 | 2 | 0 | |a Slovensko |
| 610 | 2 | 0 | |a IPSAS 3 |
| 100 | 1 | |a Majorová, Miriam | |